Những bông hoa đẹp nhất : Tập truyện ký

Shranjeno v:
Bibliografske podrobnosti
Glavni avtor: Đặng, Quang Vượng
Format: Knjiga
Jezik:Undetermined
Izdano: Hà Nội Hội Nhà văn 2019
Teme:
Oznake: Označite
Brez oznak, prvi označite!
Thư viện lưu trữ: Trung tâm Học liệu Trường Đại học Cần Thơ
LEADER 00577nam a2200193Ia 4500
001 CTU_235778
008 210402s9999 xx 000 0 und d
082 |a 895.9228403 
082 |b V561 
100 |a Đặng, Quang Vượng 
245 0 |a Những bông hoa đẹp nhất : 
245 0 |b Tập truyện ký 
245 0 |c Đặng Quang Vượng 
260 |a Hà Nội 
260 |b Hội Nhà văn 
260 |c 2019 
650 |a Tự truyện,Autobiographies 
910 |b dqhieu 
980 |a Trung tâm Học liệu Trường Đại học Cần Thơ